000 00652nam a2200229Ia 4500
003 OSt
005 20220925210518.0
006 a|||||r|||| 00| 0
007 ta
008 220923b |||||||| |||| 00| 0 eng d
037 _cGeneral Book
040 _aRTL
_cRTL
_beng
041 _2eng
_aeng
082 _aY:5.2sP1, P1.1
100 _aCensus of India 2001
245 0 _aSlum population (640 cities and towns reporting slums). India, vol. 1
260 _aIndia
_bGovt. Press
_c2001
300 _ax, 478p
_ccm.
490 _aSer.1
942 _hY:5.2sP1, P1.1
_cGB
_2CC
999 _c555283
_d555283